Statystyki dla Finaliści Pucharu Polski w piłce nożnej w XXI wieku

Kliknij tutaj aby rozwiązać quiz!

Ogólne statystyki

  • Ten quiz został rozwiązany 597 razy
  • Średni wynik to 16 z 19

Statystyki odpowiedzi

LataDrużyna% Poprawnych
2004,2008,2011,2012,2013,2015,2016,2018,2023Legia Warszawa
100%
2004,2009,2011,2015,2016,2017,2022Lech Poznań
99%
2010,2024Pogoń Szczecin
97%
2017,2018,2021Arka Gdynia
96%
2021,2022,2023Raków Częstochowa
96%
2002.2003,2008,2024Wisła Kraków
96%
2019,2020Lechia Gdańsk
93%
2020Cracovia
88%
2010,2019Jagiellonia Białystok
87%
2001Górnik Zabrze
84%
2001Polonia Warszawa
83%
2013Śląsk Wrocław
82%
2009,2012Ruch Chorzów
81%
2014Zawisza Bydgoszcz
74%
2005,2006,2014Zagłębie Lubin
72%
2003,2006Wisła Płock
68%
2005,2007Dyskobolia Grodzisk Wielkopolski
66%
2002Amica Wronki
64%
2007Korona Kielce
56%

Rozkład punktacji

Percentyl według liczby udzielonych odpowiedzi

Procent ludzi z każdym wynikiem

Twoja historia wyników

Nie rozwiązałeś tego quizu